Premier League XIs 2016-17 - Statistics

General Stats
  • This quiz has been taken 384 times
    356 since last reset
  • The average score is 81 of 220
Answer Stats
Position Answer % Correct
GK Petr Čech Arsenal
84%
MF N'Golo Kanté Chelsea
81%
GK David de Gea Manchester United
80%
ST Harry Kane Tottenham Hotspur
80%
ST Jamie Vardy Leicester City
77%
ST Heung-Min Son Tottenham Hotspur
76%
ST Sergio Agüero Manchester City
76%
ST Alexis Sanchez Arsenal
75%
MF Eden Hazard Chelsea
75%
GK Hugo Lloris Tottenham Hotspur
75%
GK Thibaut Courtois Chelsea
75%
GK Kasper Schmeichel Leicester City
73%
DF Kyle Walker Tottenham Hotspur
73%
MF Mesut Özil Arsenal
73%
MF David Silva Manchester City
71%
MF Kevin De Bruyne Manchester City
70%
MF Riyad Mahrez Leicester City
70%
GK Simon Mignolet Liverpool
70%
MF Dele Alli Tottenham Hotspur
69%
DF Laurent Koscielny Arsenal
69%
MF Sadio Mané Liverpool
69%
ST Diego Costa Chelsea
68%
DF Fábio Da Silva Middlesbrough
68%
DF Gary Cahill Chelsea
68%
DF Hector Bellerin Arsenal
68%
GK Jordan Pickford Sunderland
68%
MF Leroy Fer Swansea City
68%
ST Roberto Firmino Liverpool
68%
GK Claudio Bravo Manchester City
66%
MF Danny Drinkwater Leicester City
66%
MF Marten De Roon Middlesbrough
66%
DF Wes Morgan Leicester City
66%
DF César Azpilicueta Chelsea
65%
DF Jan Vertonghen Tottenham Hotspur
65%
DF Nicolas Otamendi Manchester City
65%
DF Phil Jones Manchester United
65%
MF Raheem Sterling Manchester City
65%
ST Romelu Lukaku Everton
65%
DF Billy Jones Sunderland
64%
ST Zlatan Ibrahimović Manchester United
64%
DF David Luiz Chelsea
63%
MF Paul Pogba Manchester United
62%
DF Toby Alderweireld Tottenham Hotspur
62%
MF Christian Eriksen Tottenham Hotspur
61%
DF Dejan Lovren Liverpool
61%
ST Anthony Martial Manchester United
60%
DF John Stones Manchester City
60%
DF Marcos Alonso Chelsea
60%
DF Nathaniel Clyne Liverpool
60%
DF Virgil Van Dijk Southampton
60%
DF Christian Fuchs Leicester City
59%
DF Andrew Robertson Hull City
58%
DF James Milner Liverpool
58%
DF Robert Huth Leicester City
58%
ST Shinji Okazaki Leicester City
58%
MF Theo Walcott Arsenal
58%
ST Wilfried Zaha Crystal Palace
58%
DF Harry Maguire Hull City
57%
DF Luis Antonio Valencia Manchester United
57%
MF Nemanja Matić Chelsea
57%
MF Fernandinho Manchester City
56%
DF Danny Simpson Leicester City
55%
MF Moussa Dembélé Tottenham Hotspur
55%
DF Nacho Monreal Arsenal
55%
DF Shkodran Mustafi Arsenal
55%
MF Marc Albrighton Leicester City
54%
MF Philippe Coutinho Liverpool
54%
MF Yaya Toure Manchester City
53%
GK Łukasz Fabiański Swansea City
52%
MF Adam Lallana Liverpool
51%
MF Pedro Chelsea
51%
DF Seamus Coleman Everton
51%
DF Adam Smith Bournemouth
50%
MF Eric Dier Tottenham Hotspur
50%
ST Josh King Bournemouth
50%
GK Fraser Forster Southampton
49%
DF Victor Moses Chelsea
49%
MF Ander Herrera Manchester United
48%
DF Joel Ward Crystal Palace
48%
MF Juan Mata Manchester United
48%
DF Stephen Ward Burnley
48%
ST Troy Deeney Watford
48%
MF Granit Xhaka Arsenal
47%
DF Leighton Baines Everton
47%
DF Gael Clichy Manchester City
45%
MF Jack Wilshere Bournemouth
45%
DF Curtis Davies Hull City
44%
MF Tom Davies Everton
44%
GK Ben Foster West Bromwich Albion
43%
MF Emre Can Liverpool
43%
DF Eric Bailly Manchester United
43%
MF Michail Antonio West Ham United
43%
DF Aleksandar Kolarov Manchester City
42%
DF Joel Matip Liverpool
42%
MF Mark Noble West Ham United
42%
DF Glen Johnson Stoke City
41%
MF Francis Coquelin Arsenal
39%
DF Michael Keane Burnley
39%
DF Steve Cook Bournemouth
39%
MF Victor Wanyama Tottenham Hotspur
39%
DF Ben Mee Burnley
38%
DF Daley Blind Manchester United
38%
MF Alex Iwobi Arsenal
37%
MF Georginio Wijnaldum Liverpool
37%
GK Heurelho Gomes Watford
37%
MF James Ward-Prowse Southampton
37%
ST Xherdan Shaqiri Stoke City
37%
MF Dimitri Payet West Ham United
36%
DF Phil Jagielka Everton
36%
MF Ross Barkley Everton
36%
DF Ashley Williams Everton
35%
ST Christian Benteke Crystal Palace
35%
ST Jermain Defoe Sunderland
35%
MF Marouane Fellaini Manchester United
35%
MF Gareth Barry Everton
34%
DF Jonny Evans West Bromwich Albion
34%
DF Craig Dawson West Bromwich Albion
33%
MF Gylfi Sigurðsson Swansea City
33%
DF Michael Dawson Hull City
33%
ST Kevin Mirallas Everton
32%
DF Ryan Shawcross Stoke City
32%
MF Wilfred Ndidi Leicester City
32%
MF Charlie Adam Stoke City
31%
DF Aaron Cresswell West Ham United
30%
GK Artur Boruc Bournemouth
30%
MF Joe Allen Stoke City
30%
GK Tom Heaton Burnley
30%
MF Tom Cleverley Watford
29%
MF Marko Arnautović Stoke City
27%
MF Tom Carroll Swansea City
27%
DF Ryan Bertrand Southampton
26%
MF Idrissa Gueye Everton
24%
DF José Fonte Southampton
24%
ST Abel Hernández Hull City
23%
ST Álvaro Negredo Middlesbrough
23%
ST Andre Gray Burnley
23%
DF Calum Chambers Middlesbrough
23%
DF James Tomkins Crystal Palace
23%
GK Victor Valdés Middlesbrough
23%
GK Wayne Hennessey Crystal Palace
23%
DF Angelo Ogbonna West Ham United
22%
DF Winston Reid West Ham United
22%
MF Darren Fletcher West Bromwich Albion
21%
DF Matthew Lowton Burnley
21%
MF Ryan Fraser Bournemouth
21%
MF Dušan Tadić Southampton
20%
ST Manuel Lanzini West Ham United
20%
MF Steven Davis Southampton
20%
DF Federico Fernández Swansea City
19%
DF James Collins West Ham United
19%
MF James McArthur Crystal Palace
19%
GK Joel Robles Everton
19%
DF John O'Shea Sunderland
19%
ST Salomón Rondón West Bromwich Albion
19%
MF Tom Huddlestone Hull City
19%
MF Jack Cork Swansea City
18%
DF Charlie Daniels Bournemouth
17%
MF Cheikhou Kouyaté West Ham United
17%
MF Étienne Capoue Watford
17%
ST Nathan Redmond Southampton
17%
MF Andros Townsend Crystal Palace
16%
MF Chris Brunt West Bromwich Albion
16%
MF Junior Stanislas Bournemouth
16%
MF Matt Phillips West Bromwich Albion
16%
MF Oriol Romeu Southampton
16%
DF Patrick Van Aanholt Sunderland
16%
MF Robert Snodgrass Hull City
16%
MF Stewart Downing Middlesbrough
16%
ST Fernando Llorente Swansea City
15%
MF José Holebas Watford
15%
DF Erik Pieters Stoke City
14%
MF Harry Arter Bournemouth
14%
MF Jake Livermore Hull City
14%
MF Nacer Chadli West Bromwich Albion
14%
MF Yohan Cabaye Crystal Palace
14%
GK Darren Randolph West Ham United
13%
DF Ben Gibson Middlesbrough
12%
DF Cédric Soares Southampton
12%
ST Fabio Borini Sunderland
12%
DF Martin Kelly Crystal Palace
12%
ST Sam Vokes Burnley
12%
DF Simon Francis Bournemouth
12%
MF Wayne Routledge Swansea City
12%
MF Gastón Ramirez Middlesbrough
11%
MF Jason Puncheon Crystal Palace
11%
DF Gareth McAuley West Bromwich Albion
10%
DF Kyle Naughton Swansea City
10%
DF Maya Yoshida Southampton
10%
DF Daryl Janmaat Watford
9%
DF Geoff Cameron Stoke City
9%
MF George Boyd Burnley
9%
MF Leon Britton Swansea City
9%
DF Alfie Mawson Swansea City
8%
MF Glenn Whelan Stoke City
8%
MF Adnan Januzaj Sunderland
7%
MF Andrew Surman Bournemouth
7%
DF Bruno Martins Indi Stoke City
7%
MF Claudio Yacob West Bromwich Albion
7%
DF Damien Delaney Crystal Palace
7%
MF Jeff Hendrick Burnley
7%
GK Lee Grant Stoke City
7%
MF Sam Clucas Hull City
7%
MF Sebastian Larsson Sunderland
7%
DF Younès Kaboul Watford
7%
MF Ahmed Elmohamady Hull City
6%
DF Allan Nyom West Bromwich Albion
6%
GK Eldin Jakupović Hull City
6%
DF Miguel Britos Watford
6%
MF Pedro Obiang West Ham United
6%
MF Didier Ndong Sunderland
5%
DF Lamine Koné Sunderland
5%
MF Dean Marney Burnley
4%
MF Scott Arfield Burnley
4%
DF Sebastian Prödl Watford
4%
MF Adam Clayton Middlesbrough
2%
MF Adam Forshaw Middlesbrough
2%
DF Antonio Barragán Middlesbrough
2%
MF Nordin Amrabat Watford
2%
MF Valon Behrami Watford
2%
DF Jason Denayer Sunderland
1%
No matching quizzes found
Score Distribution
Percent of People with Each Score
Percentile by Number Answered
Your Score History
You have not taken this quiz since the last reset